Loreto College Library, Kolkata
WEBOPAC (ONLINE PUBLIC ACCESS CATALOGUE)

The Jungle Book and other stories (Record no. 17207)

MARC details
000 -LEADER
fixed length control field 00569nam a2200205Ia 4500
005 - DATE AND TIME OF LATEST TRANSACTION
control field 20230517110029.0
008 - FIXED-LENGTH DATA ELEMENTS--GENERAL INFORMATION
fixed length control field 131103s9999 xx 000 0 und d
020 ## - ISBN | অাই এস বি এন
ISBN | অাই এস বি এন 671086227
040 ## - CATALOGING SOURCE
Original cataloging agency Loreto College
041 ## - LANGUAGE CODE
Language code English
082 ## - DDC | ডিউই
Classification number | বর্গসংখ্যা 823.91
Book Number | গ্রন্থাঙ্ক KIP
100 ## - MAIN ENTRY--PERSONAL NAME | মুখ্য সংলেখ - ব্যাক্তিনাম
Personal name | ব্যাক্তিনাম Kipling,Rudyard
245 #4 - TITLE STATEMENT | অাখ্যা বিবরণী
Title | অাখ্যা The Jungle Book and other stories
Statement of responsibility | লেখকের দায়িত্বের বিবরণ Rudyard Kipling
260 ## - IMPRINT | প্রকাশনা ক্ষেত্র
Place of publication | প্রকাশ স্থান New York
Name of publisher | প্রকাশকের নাম Exeter Books
Date of publication | প্রকাশ কাল 1901
300 ## - PHYSICAL DESCRIPTION |
Page / Vol. No | পৃষ্ঠা / খন্ড সংখ্যা 670 p.
504 ## - BIBLIOGRAPHY, ETC. NOTE
Bibliography, etc The Second Jungle Book;Just so stories;Puck of Pook's Hill;Kim
650 ## - SUBJECT ADDED ENTRY--TOPICAL TERM | বিষয় শিরোনাম - মূল বিষয়
Topical term | মূল বিষয় Fiction in English
850 ## - HOLDING INSTITUTION
Holding institution LCLIB
942 ## - ADDED ENTRY ELEMENTS (KOHA)
Koha item type Books
Holdings
Withdrawn status Lost status Source of classification Damaged status Not for loan Home library Current library Date acquired Total Checkouts Full call number Accession No. Date last seen Price effective from Koha item type Coded location qualifier
    Dewey Decimal Classification     Loreto College Loreto College 04/11/2013   823.91 KIP 34403 B17460 04/11/2013 04/11/2013 Books